000 00273nam a22001097a 4500
008 170123b xxu||||| |||| 00| 0 eng d
020 _a9780721647845
041 _aeng
080 _a618.2
245 _aLABORATORY TESTING FOR AMBULATORY SETTINGS
_cGARRELS, M
942 _2udc
_cBK
999 _c3407
_d3407